Celoživotné vzdelávanie ako faktor rozvoja ľudského kapitálu bakalárska práca

Na minha lista:
Detalhes bibliográficos
Autor principal: Mlčochová, Zuzana
Autor Corporativo: Národohospodárska fakulta EU. Katedra ekonómie
Outros Autores: Martincová, Marta, 1955-
Formato: Livro
Idioma:eslovaco
Publicado em: Bratislava 2020
Tags: Adicionar Tag
Sem tags, seja o primeiro a adicionar uma tag!

MARC

LEADER 00000nbm a2200000 4500
001 0265661
005 20200922084654.7
041 0 |a slo 
044 |a SK 
245 1 0 |a Celoživotné vzdelávanie ako faktor rozvoja ľudského kapitálu  |b bakalárska práca  |c Zuzana Mlčochová ; školiteľ: Marta Martincová 
264 1 |a Bratislava  |c 2020 
300 |a 56 s. 
100 1 |a Mlčochová, Zuzana 
700 1 |a Martincová, Marta, 1955- 
710 2 |a Národohospodárska fakulta EU. Katedra ekonómie